Critical weather factors for the development of abnormal leaf fall disease in Hevea brasiliensis (Record no. 56532)

MARC details
000 -LEADER
fixed length control field 00638nam a2200169Ia 4500
100 ## - MAIN ENTRY--AUTHOR NAME
Personal name Raj S
245 #0 - TITLE STATEMENT
Title Critical weather factors for the development of abnormal leaf fall disease in Hevea brasiliensis
260 ## - PUBLICATION, DISTRIBUTION, ETC. (IMPRINT)
Name of publisher Phytophthora Diseases of Plantation Crops. (Eds. Jacob Mathew; C. Bindu Roy; C. Kuruvilla Jacob and N. Ramachandran).Westville Publishing House, New Delhi, pp.109-112.
500 ## - GENERAL NOTE
General note Source Year: 2015
650 ## - SUBJECT ADDED ENTRY--TOPICAL TERM
Topical Term Abnormal leaf fall disease
650 ## - SUBJECT ADDED ENTRY--TOPICAL TERM
Topical Term Phytophthora
650 ## - SUBJECT ADDED ENTRY--TOPICAL TERM
Topical Term Weather factors
700 ## - ADDED ENTRY--PERSONAL NAME
Personal name Joseph A
700 ## - ADDED ENTRY--PERSONAL NAME
Personal name Lekshmanan R
942 ## - ADDED ENTRY ELEMENTS (KOHA)
Koha item type Journals
Holdings
Withdrawn status Lost status Damaged status Not for loan Home library Current library Shelving location Date acquired Koha item type
      Journals RRII Library RRII Library Pathology 01/01/2016 Journals